000 00775nam a2200301Ia 4500
001 7547
003 IT-RoPAU
008 130308s9999 xx 000 0 und d
040 _aIT-RoPAU
040 _cIT-RoPAU
041 _aFRANCESE
100 _aFautrad Marcel
100 _gCodice Aut. SPICS: 12577
245 _aPoetique du metal
245 _bImmagine Fotografica (L')
250 _a1a ed.
260 _aVENEZIA
260 _bLa Biennale/Eri
260 _c1977 [1° Ed.:1977 - Ed.Ling.Originale:1932]
300 _a"1 p. (prefazione: no ; testo: 1 [pagine: 221-221])"
500 _aPoetica del Metallo
650 _aAUTORI/OPERE DI FOTOGRAFIA
650 _eCodice materia Spics: 6757
942 _cBK
957 _71
999 _c50943
_d50943
999 _bSI
999 _g1